|
|
|
|
| LEADER |
01903nam a2200337 a 4500 |
| 001 |
15006440 |
| 008 |
101024s2009 maua 001 0 eng d |
| 010 |
|
|
|a 2007037978
|
| 020 |
|
|
|a 9780071269674
|
| 020 |
|
|
|a 0071269673
|
| 020 |
|
|
|a 9780073047027 (hard copy : alk. paper)
|
| 020 |
|
|
|a 0073047023 (hard copy : alk. paper)
|
| 040 |
|
|
|a DLC
|c DLC
|d DLC
|d BD-DhAAL
|
| 082 |
0 |
0 |
|a 005.13/3
|2 22
|
| 999 |
|
|
|c 9867
|d 9867
|
| 999 |
|
|
|c 9867
|
| 100 |
1 |
|
|a Dean, John,
|d 1962-
|
| 245 |
1 |
0 |
|a Introduction to programming with Java :
|b a problem solving approach /
|c John S. Dean, Raymond H. Dean.
|
| 260 |
|
|
|a Boston :
|b McGraw-Hill,
|c c2009.
|
| 300 |
|
|
|a xxxii, 816 p. :
|b ill. ;
|c 23 cm.
|
| 500 |
|
|
|a Includes index.
|
| 541 |
1 |
|
|e 00021395
|
| 650 |
|
0 |
|a Java (Computer program language)
|
| 700 |
1 |
|
|a Dean, Ray,
|d 1936-
|
| 852 |
4 |
|
|a Ayesha Abed Library
|j General Shelf.
|
| 942 |
|
|
|2 ddc
|c BK
|0 2
|
| 952 |
|
|
|0 0
|1 4
|2 ddc
|4 0
|6 005_133000000000000_DEA
|7 0
|9 12688
|a BRACUL
|b BRACUL
|c GEN
|d 2010-10-24
|e TRIM EDUCATION
|g 2510.00
|l 4
|m 2
|o 005.133 DEA
|p 3010021395
|r 2011-06-29
|s 2011-06-07
|t 1
|w 2010-10-24
|y BK
|x Koha Inventory 2020
|
| 952 |
|
|
|0 0
|1 4
|2 ddc
|4 0
|6 005_133000000000000_DEA
|7 0
|9 12938
|a BRACUL
|b BRACUL
|c GEN
|d 2010-10-31
|e TRIM EDUCATION
|g 2510.00
|l 0
|o 005.133 DEA
|p 3010021396
|r 2010-10-31
|t 2
|w 2010-10-31
|y BK
|x Koha Inventory 2020
|
| 952 |
|
|
|0 0
|1 0
|2 ddc
|4 0
|6 005_133000000000000_DEA
|7 0
|9 21445
|a BRACUL
|b BRACUL
|c GEN
|d 2012-11-27
|e STS International
|g 2995.00
|l 35
|m 250
|o 005.133 DEA
|p 3010026277
|r 2026-03-28
|s 2026-03-04
|t 3
|w 2012-11-27
|y BK
|
| 952 |
|
|
|0 0
|1 0
|2 ddc
|4 0
|6 005_133000000000000_DEA
|7 0
|9 21446
|a BRACUL
|b BRACUL
|c GEN
|d 2012-11-27
|e STS International
|g 2995.00
|l 29
|m 236
|o 005.133 DEA
|p 3010026278
|r 2026-05-21
|s 2025-10-22
|t 4
|w 2012-11-27
|y BK
|
| 952 |
|
|
|0 0
|1 0
|2 ddc
|4 0
|6 005_133000000000000_DEA
|7 0
|9 21447
|a BRACUL
|b BRACUL
|c GEN
|d 2012-11-27
|e STS International
|g 2995.00
|l 32
|m 227
|o 005.133 DEA
|p 3010026279
|r 2024-06-11
|s 2024-06-04
|t 5
|w 2012-11-27
|y BK
|